02450cam a22003615i 4500999001700000001001400017003000900031005001700040008004100057020001800098040008200116082001900198100003100217245014300248250001900391264006200410300004600472336002600518337002800544338002700572490005100599504005300650505083100703506006201534520018601596650003001782650003701812650002201849653002501871700003301896942001201929952014701941 c27660d27631ssj0002097814EG-ScBUE20191001122319.0180129s2018 enka f b 001 0 eng d a9780198808008 aYDXbengerdacYDXdBDXdERASAdCDXdOCLCFdCRUdUKMGBdDLCdWaSeSSdEG-ScBUE04a324.2bRAH2221 aRahaṭ, Gidʻon,eauthor.10aFrom party politics to personalized politics? :bparty change and political personalization in democracies /cGideon Rahat and Ofer Kenig. aFirst edition. 1aOxford, United Kingdom :bOxford University Press,c2018. axii, 386 pages :billustrations ;c25 cm. atextbtxt2rdacontent aunmediatedbn2rdamedia avolumebnc2rdacarrier0 aComparative politics (Oxford University Press) aIncludes bibliographical references and indexes.00aMachine generated contents note:g1.tIntroduction --gpt. ItParty Change --g2.tParty Change: The Variance Hiding behind the General Trend --g3.tIndicators of Party Change --g4.tPresence and Success of National-Level Parties in Local and Regional Elections --g5.tCross-National Comparison of Party Change --gpt. IItPolitical Personalization --g6.tPolitical Personalization: Definition, Typology, and Causes --g7.tIndicators of Political Personalization --g8.tParties versus Politicians Online --g9.tCross-National Analysis of Political Personalization --gpt. IIItParty Change and Political Personalization --g10.tParty Change and Political Personalization: A Critical Overview of the Literature --g11.tParty Change and Political Personalization: An Empirical Analysis --g12.tSummary and Conclusions. aAvailable on campus and off campus with authorized login.8 aThis volumes examines two major developments in contemporary democratic politics- the change in party-society linkage and political personalization-and their relation to each other. 7aPolitical parties.2BUEsh 7aPersonality and politics.2BUEsh 7aDemocracy.2BUEsh bMASPPSScOctober20191 aKenig, Ofer,d1971-eauthor. 2ddccBB 00102ddc40708BaccahaMAINbMAINc1STd2019-10-01ePurchaseg1180.00l0o324.2 RAHp000048083r2025-07-15 00:00:00v1475.00w2019-10-01yBB